000 00744nam a2200241 i 4500
001 189388
003 SpMaBN
005 20230906223448.0
008 190529s1999 sp d |||| | spa d
020 _a84-7903-494-7
080 _a616.89
100 1 _aRussell, James (
_d1948-)
_9167146
245 1 3 _aEl autismo como trastorno de la función ejecutiva /
_cJames Russell ; [traducción, José Manuel Igoa].
260 _aMadrid :
_bMédica Panamericana,
_c[1999]
300 _aVIII, 347 p. ;
_c23 cm.
490 1 _aCiencias cognitivas
500 _aÍndices.
504 _aBibliografía: p. [297]-335.
650 0 7 _aAutismo.
_910418
830 0 _aCiencias cognitivas
_9225821
852 _aES-MaACL
_jL-32394
999 _c189388
_d189388